Quinta-feira e outros dias (Record no. 46148)

MARC details
000 -Etiqueta do registo
Valores 00985nam a2200313 4500
010 ## - Número ISBN
ISBN 9789720049421
010 ## - Número ISBN
ISBN 9789720031198
021 ## - Número do Depósito Legal
Número 420784/17
021 ## - Número do Depósito Legal
Número 446625/18
100 ## - Dados gerais de processamento
Dados gerais 20171130e20172018m y0pory50030103ba
101 0# - Língua de publicação
Língua por
102 ## - País de publicação
País PT
200 1# - Titulo e menção de responsabilidade
Título próprio Quinta-feira e outros dias
Primeira menção de responsabilidade Aníbal Cavaco Silva
205 ## - Menção da edição
Edição 1.ª ed.
210 #9 - Publicação
Local de publicação Porto
Nome do editor Porto Editora,
Data de publicação 2017-2018
215 ## - Descrição física 
Paginação / Volumes 2 v.
Outras indicações físicas il.
Dimensões 24 cm
327 1# - Nota de conteúdo
Texto da nota 2<U+00BA> v.: Da coliga—cão à "geringon—ca". - 2018. - 534, [48] p.
517 1# - Outras variantes do título
Variante do título Da coliga—cão à "geringon—ca"
675 ## - CDU
Notação 32(469)
675 ## - CDU
Notação 32Silva, Cavaco
Edição BN
Língua por
675 ## - CDU
Notação 342.51Silva, Cavaco
Edição BN
Língua por
675 ## - CDU
Notação 323(469)"2006/2016"
Edição BN
Língua por
675 ## - CDU
Notação 821.134.3-94"19/20"
Edição BN
Língua por
700 #1 - Autor principal
Apelido Silva,
Nome Cavaco,
Datas 1939-
801 #0 - Fonte de origem
País PT
Agência BN
Regras de catalogação RPC
856 41 - Localização e acesso electrónico 
URL <a href="http://rnod.bnportugal.gov.pt/ImagesBN/winlibimg.aspx?skey=&doc=1977509&img=102719&save=true">http://rnod.bnportugal.gov.pt/ImagesBN/winlibimg.aspx?skey=&doc=1977509&img=102719&save=true</a>
990 ## - Elementos KOHA
Tipo de documento Livro
Holdings
Aquisição Empréstimo Código de barras Cota Permissão de empréstimo Tipo de documento Nota relativa ao exemplar
Biblioteca Municipal de Redondo Biblioteca Municipal de Redondo 057245 32(469) SIL   Livro Oferta de Franklim Amaro Cabreirinha

Powered by Koha